000
00319nam a22001217a 4500
041
_a
ENG
100
_a
Dehadrai.P.V
245
_a
Question Papers Twelfth Agricultural Research Service Examination 1994
260
_a
Delhi
_b
ICAR
_c
1994
300
_a
617
650
_a
Competitlve Exam
856
_u
Competitlve Exam ( 36 )
999
_c
920
_d
920